000
00327nam a2200133Ia 4500
008
150201s2014 xx 000 0 und d
082
_a
4.6
_b
STA
100
_a
Stallings, William
245
_a
Data and computer communications
250
_a
9th Ed.
260
_b
Pearson
_a
N.Delhi
_c
2014
300
_a
864p.
942
_2
ddc
_c
BK
_0
1
999
_c
5687
_d
5687